000
00192nam a22000977a 4500
082
_a
822/PUR
100
_a
Charan,.Arjun Deo
_9
81420
245
_a
Dharmayudh
650
_a
Play
_9
123
942
_c
BK
999
_c
65420
_d
65420